Water & wastewater treatment : (Record no. 68333)

000 -LEADER
fixed length control field 01246cam a22003374a 4500
001 - CONTROL NUMBER
control field 12201508
003 - CONTROL NUMBER IDENTIFIER
control field NUST - PNEC
005 - DATE AND TIME OF LATEST TRANSACTION
control field 20170116181049.0
008 - FIXED-LENGTH DATA ELEMENTS--GENERAL INFORMATION
fixed length control field 001013s2001 paua b 001 0 eng
010 ## - LIBRARY OF CONGRESS CONTROL NUMBER
LC control number 00109963
020 ## - INTERNATIONAL STANDARD BOOK NUMBER
International Standard Book Number 1587160498
040 ## - CATALOGING SOURCE
Original cataloging agency DLC
Transcribing agency LIBRARY
Modifying agency DLC
042 ## - AUTHENTICATION CODE
Authentication code pcc
050 00 - LIBRARY OF CONGRESS CALL NUMBER
Classification number TD430
Item number .D764 2001
082 00 - DEWEY DECIMAL CLASSIFICATION NUMBER
Classification number 628.1 DRI
100 1# - MAIN ENTRY--PERSONAL NAME
Personal name Drinan, Joanne.
245 10 - TITLE STATEMENT
Title Water & wastewater treatment :
Remainder of title a guide for the nonengineering professional /
Statement of responsibility, etc. Joanne E. Drinan ; associate editor, Nancy E. Whiting.
246 3# - VARYING FORM OF TITLE
Title proper/short title Water and wastewater treatment
260 ## - PUBLICATION, DISTRIBUTION, ETC.
Place of publication, distribution, etc. Lancaster, Pa. :
Name of publisher, distributor, etc. Technomic Pub. Co.,
Date of publication, distribution, etc. c2001.
300 ## - PHYSICAL DESCRIPTION
Extent xv, 316 p. :
Other physical details ill. ;
Dimensions 24 cm.
504 ## - BIBLIOGRAPHY, ETC. NOTE
Bibliography, etc. note Includes bibliographical references and index.
650 #0 - SUBJECT ADDED ENTRY--TOPICAL TERM
Topical term or geographic name entry element Water
General subdivision ME
650 #0 - SUBJECT ADDED ENTRY--TOPICAL TERM
Topical term or geographic name entry element Sewage
General subdivision Purification.
650 #0 - SUBJECT ADDED ENTRY--TOPICAL TERM
Topical term or geographic name entry element Water treatment plants
General subdivision Management.
650 #0 - SUBJECT ADDED ENTRY--TOPICAL TERM
Topical term or geographic name entry element Sewage disposal plants
General subdivision Management.
700 1# - ADDED ENTRY--PERSONAL NAME
Personal name Whiting, Nancy E.
856 42 - ELECTRONIC LOCATION AND ACCESS
Materials specified Publisher description
Uniform Resource Identifier <a href="http://www.loc.gov/catdir/enhancements/fy0646/00109963-d.html">http://www.loc.gov/catdir/enhancements/fy0646/00109963-d.html</a>
906 ## - LOCAL DATA ELEMENT F, LDF (RLIN)
a 7
b cbc
c orignew
d 2
e epcn
f 20
g y-gencatlg
942 ## - ADDED ENTRY ELEMENTS (KOHA)
Source of classification or shelving scheme
Koha item type Book
Holdings
Withdrawn status Lost status Source of classification or shelving scheme Damaged status Not for loan Permanent Location Current Location Shelving location Date acquired Total Checkouts Full call number Barcode Date last seen Price effective from Koha item type
          Pakistan Navy Engineering College (PNEC) Pakistan Navy Engineering College (PNEC)       628.1 DRI PNECLIB-026440 09/28/2015   Book
© 2023 Central Library, National University of Sciences and Technology. All Rights Reserved.